000 00633nam a2200241 a 4500
001 0001-1274
003 ELIB.Books
008 150623 2010 eng
020 _a1401902154
035 _a(ELIB.Books)0001-1429
092 _a158
_bDye
100 _aDyer, Wayne W.
245 _aThe Power of Intention:
_bLearning to Co-Create Your World Your Way
260 _aCarlsbad
_bHay House, Inc.
_c2004
300 _a259
_c23.5 Cm
500 _aLibrary
650 _aLife, Success
856 _nKBTS: Library
_uKBTS: Elib
942 _2ddc
_cBK
990 _a1
998 _cbat
_e2015-06-23
999 _c11274
_d11274